banner-ar

فصل المقال فيما بين الحكمة والشريعه من الاتصال / (Record no. 64423)

MARC details
000 -الفاتح
حقل البيانات ثابتة الطول 00772nam a2200193Ia 4500
008 - عناصر البيانات ثابتة الطول - معلومات عامة
حقل البيانات ثابتة الطول 140319s9999 xx 000 0 ara d
040 ## - مصدر الفهرسة
وكالة الفهرسة الأصلية GCL /
وكالة النسخ GCL
082 04 - رقم تصنيف ديوى العشرى
رقم التصنيف 189
رقم المادة ر ف
100 1# - المدخل الرئيسى - إسم شخصى
الإسم الشخصى ابن رشد : ابوالوليد محمد بن احمد بن محمد الاندلسى القرطبى
245 10 - بيان العنوان
العنوان فصل المقال فيما بين الحكمة والشريعه من الاتصال /
بيان المسئوليه,etc ابن رشد : ابوالوليد محمد بن احمد بن محمد الاندلسى القرطبى
700 1# - المدخل الاضافى - اسم شخصى
الإسم الشخصى محمد عمارة
260 ## - PUBLICATION, DISTRIBUTION, ETC. (IMPRINT)
تاريخ النشر أو التوزيع 1983
300 ## - الوصف المادى
التعداد 102 ص
490 ## - بيان السلسلة
عنوان السلسلة ذخائر العرب
رقم المجلد/ التعيين التسلسلي 0
650 04 - المدخل الاضافى بالموضوع-مصطلح موضوعى
مصطلح موضوعي الفلسفة الاسلامية
650 04 - المدخل الاضافى بالموضوع-مصطلح موضوعى
مصطلح موضوعي الاسلام
942 ## - عناصر المدخل الإضافي( كوها)
مصدر التصنيف او مخطط الترفيف Dewey Decimal Classification
Koha [default] item type كتاب
260 ## - PUBLICATION, DISTRIBUTION, ETC. (IMPRINT)
-- [S.N] :
-- دار المعارف ،
Holdings
حالة التراجع حالة الفقد مصدر التصنيف او خطة الترفيف حالة تلف ليس للاعارة المكان المؤقت الموقع الحالى موقع الترفيف تاريخ الاكتساب اجمالي اﻻعارات رقم الطلب الباركود تاريخ اخر مشاهدة تاريخ تفعيل السعر نوع وعاء كوها
    ddc     مكتبة القاهرة الكبرى مكتبة القاهرة الكبرى القاعة الرئيسية 05/08/2018   189 ر ف 164708 05/08/2018 05/08/2018 كتاب
    ddc     مكتبة القاهرة الكبرى مكتبة القاهرة الكبرى القاعة الرئيسية 05/08/2018   189 ر ف 164709 05/08/2018 05/08/2018 كتاب

Powered By

EGPV